000 00441nam a22001697a 4500
005 20180712111130.0
008 160511b xxu||||| |||| 00| 0 eng d
020 _a81-259-2140-0
041 _aeng
082 _b1304
_a658.1511
100 _aMaheshwari S.N. and Maheshwari,P.K.
_94525
245 _aAccounting for management
260 _bVikas Publishing house Pvt. Ltd.
_c2006
300 _a430
650 _aManagement
_9241
942 _cBK
999 _c568
_d568